000 01160pam a2200277 a 4500
999 _c127364
_d127364
001 3907214
003 ARRUPE
005 20180111135802.0
008 911015s1993 nyua b 001 0 eng
010 _a 91038200
020 _a0195058003 (alk. paper)
040 _aDLC
_cDLC
_dDLC
050 0 0 _aBS2615.3
_b.B74 1993
082 0 0 _a226.5/07
_220
100 1 _aBrodie, Thomas L.
_938414
245 1 4 _aThe Gospel according to John :
_ba literary and theological commentary /
_cThomas L. Brodie.
260 _aNew York :
_bOxford University Press,
_c1993.
300 _axiii, 625 p. :
_bill. ;
_c24 cm.
500 _aIncludes author's translation of text.
504 _aIncludes bibliographical references (p. 599-609) and indexes.
630 0 0 _aBible.
_pJohn
_xCommentaries.
_912563
730 0 2 _aBible.
_pJohn.
_lEnglish.
_sBrodie.
_f1993.
_938415
856 4 2 _3Publisher description
_uhttp://www.loc.gov/catdir/enhancements/fy0638/91038200-d.html
906 _a7
_bcbc
_corignew
_d1
_eocip
_f19
_gy-gencatlg
942 _2lcc
_cMONOGRAPH